000 00970nam a2200277Ia 4500
003 CO-BoRNBP
005 20231003165918.0
008 141031s9999 xx 000 0 und d
020 _a9789583024412
040 _aCO-BoRNBP
_bspa
_erda
_cCO-BoRNBP
082 0 4 _222
_a891.863 K11pr
100 1 0 _aKafka, Franz
_d1883-1924
_910161
245 1 3 _aEl proceso
_cFranz Kafka ; traducción Sergio Lleras Restrepo ; prólogo Selnich Vivas Hurtado ; ilustraciones Marcela Medina
250 _a2a ed., 2a reimpr.
264 _aBogotá
_bPanamericana
_c2013
300 _a317 páginas
_c23 cm.
336 _atexto
_btxt
_2rdacontent
337 _asin mediación
_bn
_2rdamedia
338 _avolumen
_bnc
_2rdacarrier
534 _tDer prozeb
650 1 4 _a Existencialismo en la literatura
_2LEMB
_910162
650 1 4 _a Literatura checoslovaca
_2LEMB
_910163
650 1 4 _a Novela checoslovaca
_2LEMB
_910164
650 1 4 _aAutores checoslovacos
_2LEMB
_910165
942 _2ddc
_cBK
999 _c871
_d871